LEADER 01268nam a2200253 i 4500 001 000000117236 003 CaOOAMICUS 005 20030724000000.0 008 030724s2003 it u000 u ita u 013 $a89925 040 $aSeMil$bita 100 1 $aCossiga, Francesco,$c.$0(OLS)http://semarc/name/48936 245 13$aLa guerra versus l'Irak: luci e ombre per un cattolico liberale :$b(Lettera d un giovane amico cattolico) /$cFrancesco Cossiga ; con uno scritto di Michael Novak. 260 $aRoma :$b[s.n.],$c2003. 300 $a48 p. ;$c21 cm. 650 4$aGuerra.$0(OLS)http://semarc/subject/8098 650 4$aGuerra in Iraq <2003-2011>.$0(OLS)http://semarc/subject/21708 700 1 $aNovak, Michael,$d<1933-2017>.$0(OLS)http://semarc/name/90467 774 0 $aNovak, Michael <1933-2017>$t«Guerra asimmetrica» e guerra giusta.$w()304473 850 $aSeMil 852 $aSeMil$W1$xVenegono$y1$m3N II 66$j72636$B72636$CSeMilBibl$Z2$F88087 $81 961 $aOmaggio: Giudici Ecc. Giovanni 996 $6245$aLa guerra versus l'Irak: luci e ombre per un cattolico liberale :$b(Lettera d un giovane amico cattolico)$9(OLS)http://semarc/title/172097 996 $6260$aRoma :$b[s.n.]$9(OLS)http://semarc/publisher/29738 LEADER 00986nam a2200241 i 4500 001 000000122801 003 CaOOAMICUS 005 20040211000000.0 008 040211s1991 it u000 u ita u 013 $a95496 040 $aSeMil$bita 245 13$aIl Novecento /$c[a cura di Carlo Pirovano ; saggi di Giovanni Anzani ... [et al.]. 300 $a647 p. :$briccamente ill. 500 $aFondo Card. C.M. Martini. 650 4$aPittura - Storia - Italia - Sec. 20.$0(OLS)http://semarc/subject/23341 700 1 $aAnzani, Giovanni.$0(OLS)http://semarc/name/30067 700 1 $aPirovano, Carlo.$0(OLS)http://semarc/name/264 773 0 $aBoskovits, Miklós <1935-2011>$tPittura in Italia.$d[Roma] : Banca Nazionale dell'Agricoltura, copyr. 1985.$w()10982 850 $aSeMil 852 $aSeMil$W1$xVenegono$y1$m5F IX 27$j77693$B77693$CSeMilBibl$Z2$F79753 $8I 941 1 $a4 961 $aOmaggio: Martini Card. Carlo Maria 996 $6245$aIl Novecento$9(OLS)http://semarc/title/8940 LEADER 01398nam a2200289 4500 001 000000346165 003 CaOOAMICUS 005 20210524102823.0 008 210524s1717 it 000 u ita r 026 $et.e- l'ne r.ne dime (3) 1717 (R) 040 $aSeMil$bita 100 11$aMarchese, Francesco,$d.$0(OLS)http://semarc/name/113938 245 00$aTomo quarto. Contiene ottobre. Novembre. Decembre. 264 1$aIn Venezia :$bPresso Nicolò Pezzana,$c1717. 300 $a419, [13] p. ;$c12° 500 $aSegn.: A-S¹² 500 $aIniziali e fregi xilogr. 500 $aMarca (Giglio) sui front. 700 1 $aPezzana, Nicolò,$c.$0(OLS)http://semarc/name/2800 752 $ait$dVenezia 773 0 $aMarchese, Francesco $tDiario sacro d'esercitii di divotione per honorare ogni giorno la beatissima Vergine ... Opera di Francesco Marchese ... Divisa in quattro tomi. Tomo primo [-quarto].$dIn Venezia : Presso Nicolò Pezzana, 1717.$g4$w()346164 850 $aSeMil 852 $aSeMil$W1$xVenegono$y1$m2ZA X 24 FA$j226431$B237215$CSeMilBibl$Z2$F237215 $8I 961 $aFerrè don Giovanni - Lascito 996 $6245$aTomo quarto. Contiene ottobre. Novembre. Decembre$9(OLS)http://semarc/title/435379 996 $6264$aIn Venezia :$bPresso Nicolò Pezzana$9(OLS)http://semarc/publisher/32777